000 01395nam a22002297a 4500
008 241223e20241204po |||||o|||| 00| 0 eng d
041 _aeng
110 _aRoyal Institution of Chartered Surveyors
245 _aOctober 2024 RICS/Ci Portuguese Housing Market Survey
_h[Electronic resource]
260 _bRoyal Institution of Chartered Surveyors & Confidencial Imobilario
_c2 December 2024
300 _a5p
490 _aPortuguese Housing Market Survey
520 _aRICS, in partnership with Confidencial Imobiliario, produces the Portuguese Housing Market Survey, a sentiment survey that collects and analyses the opinions of professionals in agency and development about the prices, availability and demand of residential property in three areas of the country: Greater Lisbon, Greater Oporto and the Algarve. • Buyer demand sees modest improvement • House prices continue to rise • Lack of supply remains a critical issue
650 _aHOUSING MARKET
650 _aRESIDENTIAL PROPERTY
651 _aPortugal
690 _aResidential property
_96266
710 _aRoyal Institution of Chartered Surveyors
710 _aConfidencial Imobiliário
856 _uhttps://www.rics.org/content/dam/ricsglobal/documents/market-surveys/rics-ci-portuguese-housing-market-survey/portuguese-housing-market-survey-october-2024.pdf
_zAvailable free on RICS.org
942 _n0
999 _c122083
_d122083